| 000 | 00000nam 2200000zi 4500 |
| 001 | 9.940705 |
| 003 | CaOODSP |
| 005 | 20240725084206 |
| 006 | m o d f |
| 007 | cr bn||||||||| |
| 008 | 240718t19771977onc o f000 0 eng d |
| 020 | |a0662013913 |q(print) |
| 040 | |aCaOODSP|beng|erda|cCaOODSP |
| 041 | 0 |aeng|afre |
| 043 | |an-cn--- |
| 086 | 1 |aEn42-1/01-77-4-PDF |
| 086 | 1 |aEn42-1/77-4 |
| 100 | 1 |aLoughlin, F. S., |ecompiler. |
| 245 | 14|aThe Clean Air Act - compilation of regulations and guidelines / |ccompiled by F.S. Loughlin = La Loi sur la lutte contre la pollution atmosphérique - compilation des reglements et lignes directrices / compilé par F.S. Loughlin. |
| 246 | 31|aLoi sur la lutte contre la pollution atmosphérique - compilation des reglements et lignes directrices |
| 264 | 1|a[Ottawa] : |bEnvironment Canada, Environmental Protection Service = Environnement Canada, Service de la protection de l'environnement, |c1977. |
| 264 | 4|c©1977 |
| 300 | |a1 online resource (68 pages). |
| 336 | |atext|btxt|2rdacontent |
| 337 | |acomputer|bc|2rdamedia |
| 338 | |aonline resource|bcr|2rdacarrier |
| 490 | 1 |aEnvironmental Protection Service report series = |aSérie de rapports du Service de la protection de l'environnement |
| 500 | |a"Publications Section, Air Pollution Control Directorate." |
| 500 | |a"Report EPS 1-AP-77-4, November 1977." |
| 500 | |a"Regulations, codes, and protocols, report EPS 1-AP-77-4"--Cover. |
| 500 | |a"Air Pollution Control Directorate ..."--Cover. |
| 500 | |aDigitized edition from print [produced by Environment and Climate Change Canada]. |
| 546 | |aText in English and French. |
| 610 | 15|aCanada. |tClean Air Act. |
| 650 | 0|aAir|xPollution|xLaw and legislation|zCanada. |
| 710 | 1 |aCanada. |bEnvironmental Protection Service, |eissuing body. |
| 710 | 1 |aCanada. |bAir Pollution Control Directorate, |eissuing body. |
| 788 | |tThe Clean Air Act - compilation of regulations and guidelines / |efre|w(CaOODSP)9.940707 |
| 830 | #0|aEnvironmental Protection Service report series.|w(CaOODSP)9.866031 |
| 856 | 40|qPDF|s2.91 MB|uhttps://publications.gc.ca/collections/collection_2024/eccc/en42/En42-1-01-77-4.pdf |